Statistics for movies with first names in the title

Click here to take the quiz!

General Stats

  • This quiz has been taken 28 times
  • The average score is 10 of 15

Answer Stats

titlestarringyearname% Correct
Good ____ HuntingRobin Williams1997Will
100%
_______ GumpTom Hanks1994Forrest
96%
All About ___Bette Davis1950Eve
88%
_____ of the DeadSimon Pegg2004Shaun
85%
______'s ChoiceMeryl Streep1982Sophie
85%
_____ HallWoody Allen1977Annie
81%
______ and _____Faye Dunaway1967Bonnie, Clyde
77%
______Sissy Spacek1976Carrie
73%
I, _____Margot Robbie2017Tonya
69%
______Audrey Tautou2001Amelie
65%
_____ LyndonRyan O’Neal1975Barry
54%
________'s BodyMegan Fox2009Jennifer
54%
_____Hugh Jackman2017Logan
50%
_______ PierceJoan Crawford1945Mildred
50%
_____Gene Tierney1944Laura
15%

Score Distribution

Percentile by Number Answered

Percent of People with Each Score

Your Score History

You have not taken this quiz